00000000nam##2200000za#4500
0019.700479
003CaOODSP
00520210625000842
007cr |||||||||||
008150407|1981||||xxc|||||o    f|0| 0 eng|d
040 |aCaOODSP|beng
043 |an-cn---
0861 |aA53-1725/1981E-PDF
1101 |aCanada. |bAgriculture and Agri-Food Canada.
24510|aSoilless culture of seedless greenhouse cucumbers and sequence cropping / |h[electronic resource]|c[by] R.M. Adamson and E.F. Maas.
260 |aOttawa - Ontario : |bAgriculture and Agri-Food Canada |c1981.
300 |a24p.|bcoloured illus.
500 |aHistorical publication digitized by Agriculture and Agri-Food Canada.
504 |aBibliography.
590 |a15-05-Supp|b2015-03-31
69007|aFlora|2gcpds
77508|tCulture hors sol de concombres de serre sans grains et successions des cultures / |w(CaOODSP)9.644362
85640|ahttp://publications.gc.ca|qPDF|s1757 KB|uhttps://publications.gc.ca/collections/collection_2015/aac-aafc/A53-1725-1981-eng.pdf
986 |aPublication 1725/E